<?xml version="1.0" encoding="UTF-8"?>
<collection xmlns="http://www.loc.gov/MARC21/slim">
 <record>
  <leader>01058pam a22002418a 4500</leader>
  <controlfield tag="001">00024736</controlfield>
  <controlfield tag="005">20171026081022.0</controlfield>
  <controlfield tag="008">110723s2001                  ||||||viesd</controlfield>
  <datafield tag="041" ind1="0" ind2="#">
   <subfield code="a">vie</subfield>
  </datafield>
  <datafield tag="082" ind1="1" ind2="4">
   <subfield code="a">349.597</subfield>
   <subfield code="b">H428Đ</subfield>
  </datafield>
  <datafield tag="100" ind1="1" ind2="#">
   <subfield code="a">Lê Hồng Sơn</subfield>
  </datafield>
  <datafield tag="245" ind1="1" ind2="0">
   <subfield code="a">Học và làm theo pháp luật (Hỏi-Đáp)</subfield>
   <subfield code="b">Sách dành cho học sinh trung học, cha mẹ học sinh và giáo viên môn GDCD</subfield>
   <subfield code="c">Lê Hồng Sơn</subfield>
  </datafield>
  <datafield tag="260" ind1="#" ind2="#">
   <subfield code="a">H.</subfield>
   <subfield code="b">GD</subfield>
   <subfield code="c">2001</subfield>
  </datafield>
  <datafield tag="300" ind1="#" ind2="#">
   <subfield code="a">72tr.</subfield>
   <subfield code="c">21cm.</subfield>
  </datafield>
  <datafield tag="653" ind1="#" ind2="#">
   <subfield code="a">Pháp luật</subfield>
  </datafield>
  <datafield tag="653" ind1="#" ind2="#">
   <subfield code="a">hỏi đáp</subfield>
  </datafield>
  <datafield tag="653" ind1="#" ind2="#">
   <subfield code="a">Việt nam</subfield>
  </datafield>
  <datafield tag="852" ind1="#" ind2="#">
   <subfield code="b">Kho giáo trình</subfield>
   <subfield code="j">KGT.0017433, KGT.0017434, KGT.0017435, KGT.0017436, KGT.0017437, KGT.0017438, KGT.0017439, KGT.0017440, KGT.0017441</subfield>
  </datafield>
  <datafield tag="852" ind1="#" ind2="#">
   <subfield code="b">Kho mượn</subfield>
   <subfield code="j">KGT.0017433</subfield>
  </datafield>
  <datafield tag="852" ind1="#" ind2="#">
   <subfield code="j">KGT.0017433</subfield>
   <subfield code="j">KGT.0017434</subfield>
   <subfield code="j">KGT.0017436</subfield>
   <subfield code="j">KGT.0017437</subfield>
   <subfield code="j">KGT.0017441</subfield>
   <subfield code="j">KD.0010164</subfield>
   <subfield code="j">KGT.0017439</subfield>
   <subfield code="j">KGT.0017440</subfield>
   <subfield code="j">KGT.0017435</subfield>
   <subfield code="j">KGT.0017438</subfield>
  </datafield>
  <datafield tag="852" ind1="#" ind2="#">
   <subfield code="b">Kho đọc</subfield>
   <subfield code="j">KD.0010164</subfield>
  </datafield>
  <datafield tag="910" ind1=" " ind2=" ">
   <subfield code="d">23/07/2011</subfield>
  </datafield>
  <datafield tag="980" ind1="#" ind2="#">
   <subfield code="a">Trung tâm Học liệu Lê Vũ Hùng, Trường Đại học Đồng Tháp</subfield>
  </datafield>
 </record>
</collection>
